000
00352nam a2200133Ia 4500
008
151001s9999||||xx |||||||||||||| ||und||
100
_a
वि. स. माडीवाले
245
_a
अशी ही बिकट वाट
250
_a
1
260
_b
केशरी प्रकाशन
260
_c
1972
300
_a
243
365
_b
18
999
_c
955937
_d
955934